[Event "Mondiale Lampo FIDE 2019"]
[Site "Mosca"]
[Date "29.12.2019"]
[Round "3.81"]
[White "Savchenko, Boris"]
[Black "Suleymanli, Aydin"]
[Result "0-1"]
[WhiteTitle "GM"]
[BlackTitle "IM"]
[WhiteElo "2577"]
[BlackElo "2473"]
[WhiteFideId "4147332"]
[BlackFideId "13413937"]
[EventDate "2019.12.29"]

1. e4 c6 2. Nf3 d5 3. Nc3 Bg4 4. h3 Bh5 5. exd5 cxd5 6. Bb5+ Nc6 7. g4 Bg6 8.
Ne5 Rc8 9. d4 e6 10. Qe2 Bd6 11. Nxg6 hxg6 12. Nxd5 Kf8 13. Bxc6 Rxc6 14. Ne3
Nf6 15. Bd2 Qb6 16. O-O-O Qxd4 17. Kb1 Ne4 18. Bc1 Nc3+ 19. bxc3 Rb6+ 20. Bb2
Qxc3 21. Nc4 Ba3 22. Qd3 Rxb2+ 23. Ka1 Qxd3 24. Rxd3 Rxc2 25. Nxa3 Rc8 26. Rd7
a6 27. Rxb7 Rh4 28. Kb2 f5 29. gxf5 exf5 30. Rb3 Rf4 31. Rh2 Kg8 32. Nc2 Kh7 33.
Ne1 Re8 34. Nf3 Re2+ 35. Ka3 Kh6 36. h4 Kh5 37. Ng5 Rexf2 38. Rxf2 Rxf2 39. Ne6
Kxh4 40. Rb7 g5 41. Rxg7 g4 42. Nc5 g3 43. Kb3 Kh3 44. Nd3 Rf3 45. Kc4 g2 46.
Ne1 Rf4+ 47. Kc5 Rg4 48. Rh7+ Kg3 49. Nxg2 Kxg2 50. Rf7 f4 51. Rf6 f3 52. Rxa6
f2 53. Rf6 Ra4 54. Rg6+ Kf1 0-1

[Event "Mondiale Lampo FIDE 2019"]
[Site "Mosca"]
[Date "29.12.2019"]
[Round "3.82"]
[White "Baron, Tal"]
[Black "Afanasiev, Nikita"]
[Result "1/2-1/2"]
[WhiteTitle "GM"]
[BlackTitle "IM"]
[WhiteElo "2541"]
[BlackElo "2517"]
[WhiteFideId "2809958"]
[BlackFideId "24183555"]
[EventDate "2019.12.29"]

1. Nf3 g6 2. d4 Bg7 3. e4 d6 4. Nbd2 a6 5. Bd3 Nc6 6. d5 Nb8 7. O-O Nf6 8. Re1
O-O 9. h3 c6 10. c4 b5 11. dxc6 Nxc6 12. cxb5 Nb4 13. Bf1 axb5 14. a3 Qb6 15.
Nb3 Nc6 16. Be3 Qb8 17. Nfd4 Nxd4 18. Bxd4 e5 19. Bc3 Be6 20. Rc1 Rd8 21. Na5
Bd7 22. Bb4 Qb6 23. Qd2 Be8 24. Qe3 Qxe3 25. Rxe3 d5 26. Nb7 Rdb8 27. Nd6 d4 28.
Re2 Bd7 29. Rc7 Bf8 30. Rec2 Ra6 31. Nb7 Bxb4 32. axb4 Ra7 33. Na5 Rxc7 34. Rxc7
Kf8 35. Bd3 Be6 36. Nc6 Ra8 37. Nxe5 Ra1+ 38. Kh2 Rd1 39. f3 Rd2 40. Bxb5 Rxb2
41. Bc4 Bxc4 42. Rxc4 Nh5 43. Nd3 Rd2 44. Nc5 Nf4 45. b5 Rxg2+ 46. Kh1 Rb2 47.
b6 Ke7 48. b7 d3 49. Rd4 Rb5 50. Rd7+ Kf6 51. Nxd3 Nxd3 52. Rxd3 Rxb7 53. Kg2
Rb5 54. Kg3 h5 55. h4 Kg7 56. Rd7 Rb4 1/2-1/2

[Event "Mondiale Lampo FIDE 2019"]
[Site "Mosca"]
[Date "29.12.2019"]
[Round "3.83"]
[White "Krsnik Cohar, Ivan Vihor"]
[Black "Guimaraes, Diogo Duarte"]
[Result "1-0"]
[WhiteTitle "FM"]
[BlackTitle "FM"]
[WhiteElo "2313"]
[BlackElo "2322"]
[WhiteFideId "14520044"]
[BlackFideId "2112450"]
[EventDate "2019.12.29"]

1. c4 e5 2. g3 Nf6 3. Bg2 Bc5 4. e3 Nc6 5. Nc3 a6 6. Nge2 d6 7. b3 O-O 8. Bb2
Nb4 9. d4 exd4 10. exd4 Bf5 11. O-O Ba7 12. Qd2 d5 13. Ba3 a5 14. Bxb4 axb4 15.
Nxd5 Ne4 16. Qxb4 c5 17. Qxb7 Nd6 18. Qe7 Re8 19. Qxd8 Raxd8 20. dxc5 Rxe2 21.
cxd6 Rxd6 22. Bf3 Rb2 23. Ne7+ 1-0

[Event "Mondiale Lampo FIDE 2019"]
[Site "Mosca"]
[Date "29.12.2019"]
[Round "3.84"]
[White "Deviatkin, Andrei"]
[Black "Gasanov, Eldar"]
[Result "1-0"]
[WhiteTitle "GM"]
[BlackTitle "GM"]
[WhiteElo "2436"]
[BlackElo "2481"]
[WhiteFideId "4121260"]
[BlackFideId "14104466"]
[EventDate "2019.12.29"]

1. d4 Nf6 2. Nf3 b6 3. Bg5 Bb7 4. Nbd2 g6 5. Bxf6 exf6 6. g3 f5 7. Bg2 Bg7 8.
O-O O-O 9. e3 Re8 10. Ne1 Bxg2 11. Kxg2 d5 12. Rc1 Nd7 13. Nef3 Nf6 14. c4 Rc8
15. Qb3 c5 16. cxd5 cxd4 17. Rxc8 Qxc8 18. Nxd4 Qd7 19. Rc1 Nxd5 20. N2f3 h6 21.
h4 Qb7 22. Qb5 Nf6 23. Qc6 Qe7 24. Qc7 Nd5 25. Qxe7 Rxe7 26. Rc8+ Kh7 27. h5 Rc7
28. Rd8 Nf6 29. hxg6+ fxg6 30. Ne6 Re7 31. Nfd4 Ne4 32. Nxg7 Kxg7 33. b4 Nc3 34.
a3 Nb1 35. a4 Nc3 36. a5 bxa5 37. bxa5 Kf7 38. a6 Na4 39. Rd5 Nb6 40. Rc5 Na4
41. Rc8 Nb6 42. Rh8 Kg7 43. Rb8 Rd7 44. Rb7 Kf6 45. Nc6 Ke6 46. Rxb6 axb6 47. a7
Rxa7 48. Nxa7 g5 49. Nb5 Kd5 50. Kf3 Ke5 51. Nd4 h5 52. Nb5 Kd5 53. Nc7+ Ke5 54.
Na6 b5 55. Nb4 Kd6 56. e4 fxe4+ 57. Kxe4 h4 58. gxh4 gxh4 59. f4 Ke6 60. f5+ Kf6
61. Kf4 h3 62. Nd5+ Kf7 63. Kg3 b4 64. Kxh3 b3 65. Kg4 b2 66. Nc3 Kf6 67. Kf4
Kf7 68. Ke5 Ke7 69. f6+ Kf7 70. Kf5 Kf8 71. Ke6 Ke8 1-0

[Event "Mondiale Lampo FIDE 2019"]
[Site "Mosca"]
[Date "29.12.2019"]
[Round "3.85"]
[White "Sek, Konstantin"]
[Black "Tsvetkov, Andrey"]
[Result "0-1"]
[BlackTitle "FM"]
[WhiteElo "2446"]
[BlackElo "2350"]
[WhiteFideId "24104302"]
[BlackFideId "34139360"]
[EventDate "2019.12.29"]

1. e4 c5 2. Nf3 d6 3. d4 cxd4 4. Nxd4 Nf6 5. Nc3 a6 6. Nb3 e6 7. g4 b5 8. Bg2
Bb7 9. a3 Nc6 10. g5 Nd7 11. f4 h6 12. Qh5 g6 13. Qh3 Bg7 14. gxh6 Rxh6 15. Qg3
Qh4 16. Be3 Qxg3+ 17. hxg3 Rxh1+ 18. Bxh1 Rc8 19. O-O-O Ke7 20. g4 Rh8 21. e5
dxe5 22. Nc5 Rxh1 23. Rxh1 exf4 24. Nxd7 fxe3 25. Nc5 Ba8 26. Rh7 Bd4 27. Nxa6
Ne5 28. Ne2 Bb6 29. Kd1 Nxg4 30. Nb4 Bf3 31. Ke1 Ne5 32. Rh8 Be4 33. Rb8 Nd7 34.
Nc3 Nxb8 35. Nxe4 f5 36. Nc3 f4 37. Ke2 g5 38. Kf3 Nd7 39. Nxb5 Ne5+ 40. Ke4 e2 0-1

[Event "Mondiale Lampo FIDE 2019"]
[Site "Mosca"]
[Date "29.12.2019"]
[Round "3.86"]
[White "Makarian, Rudik"]
[Black "Zhigalko, Sergei"]
[Result "0-1"]
[WhiteTitle "IM"]
[BlackTitle "GM"]
[WhiteElo "2397"]
[BlackElo "2571"]
[WhiteFideId "44105681"]
[BlackFideId "13502956"]
[EventDate "2019.12.29"]

1. Nf3 d5 2. d4 e6 3. c4 c6 4. Bg5 Be7 5. Bxe7 Qxe7 6. e3 Nf6 7. Nc3 O-O 8. Be2
Nbd7 9. O-O dxc4 10. Bxc4 e5 11. dxe5 Nxe5 12. Nxe5 Qxe5 13. h3 Bf5 14. Qe2 Rfe8
15. Rfd1 h6 16. Bd3 Be6 17. Bc4 Bf5 18. Bd3 Bd7 19. Rac1 Re7 20. a3 Rae8 21. Bc4
Bf5 22. Bd3 Bc8 23. Bc4 Qg5 24. Qf3 Re5 25. Bd3 Qh4 26. Ne2 Nd5 27. Rc4 Qe7 28.
Nf4 Nf6 29. Rc2 Bf5 30. Rcd2 Bc8 31. Bc2 Qc7 32. Rd6 Qe7 33. R6d4 Bd7 34. Ne2 c5
35. Rd6 Bc6 36. Qg3 Rg5 0-1

[Event "Mondiale Lampo FIDE 2019"]
[Site "Mosca"]
[Date "29.12.2019"]
[Round "3.87"]
[White "Rychagov, Andrey"]
[Black "Indjic, Aleksandar"]
[Result "1/2-1/2"]
[WhiteTitle "GM"]
[BlackTitle "GM"]
[WhiteElo "2545"]
[BlackElo "2619"]
[WhiteFideId "4119932"]
[BlackFideId "911925"]
[EventDate "2019.12.29"]

1. d4 g6 2. c4 Bg7 3. e4 d6 4. Nc3 e5 5. d5 a5 6. Bd3 Na6 7. Bc2 h5 8. Ba4+ Bd7
9. Bxd7+ Qxd7 10. Nf3 Bh6 11. Bxh6 Nxh6 12. Qd2 Ng4 13. O-O Nc5 14. b3 h4 15. h3
Nf6 16. Qe3 Qe7 17. Rab1 Nh5 18. Ne2 f5 19. Nd2 Nf6 20. Nc3 f4 21. Qe2 g5 22. f3
Nh5 23. Rfc1 Ng3 24. Qd1 Qh7 25. Qc2 Rf8 26. a3 Nd7 27. b4 axb4 28. axb4 Nf6 29.
Ra1 Rb8 30. c5 Kf7 31. cxd6 cxd6 32. Nb5 Rbd8 33. Qd3 Rd7 34. Rc7 Kg6 35. Rac1
Rff7 36. Rc8 Kh6 37. Nc7 g4 38. hxg4 h3 39. gxh3 Kg6 40. Kg2 Qh4 41. Ne6 Rde7
42. Nxf4+ exf4 43. e5+ Kg7 44. e6 Rf8 45. Rxf8 Kxf8 46. Qg6 Ne8 47. Rc4 Ne2 48.
Nf1 Qh7 49. Qxh7 Rxh7 50. Re4 Nc3 51. Rxf4+ Ke7 52. Rd4 Nc7 53. Ne3 Kf6 54. Rf4+
Ke7 55. Nf5+ Kd8 56. e7+ Kd7 57. Rc4 N3xd5 58. g5 Nxe7 59. Nxe7 Rxe7 60. f4 Ne6
61. Kg3 Rf7 62. Kg4 d5 63. Rc1 Rxf4+ 64. Kh5 Rxb4 65. g6 Nf4+ 66. Kg5 Nxg6 67.
Kxg6 Rh4 68. Rc3 d4 69. Rb3 Kc6 70. Kg5 Re4 71. h4 b5 72. h5 Re3 73. Rb1 Rg3+
74. Kf6 Rh3 75. Kg6 Kc5 76. h6 d3 77. h7 d2 78. Rd1 Rg3+ 79. Kf7 Rh3 80. Kg7 1/2-1/2

[Event "Mondiale Lampo FIDE 2019"]
[Site "Mosca"]
[Date "29.12.2019"]
[Round "3.88"]
[White "Shimanov, Aleksandr"]
[Black "Lobanov, Sergei"]
[Result "1-0"]
[WhiteTitle "GM"]
[BlackTitle "IM"]
[WhiteElo "2587"]
[BlackElo "2504"]
[WhiteFideId "4198603"]
[BlackFideId "24183750"]
[EventDate "2019.12.29"]

1. Nf3 d5 2. e3 Nf6 3. c4 c6 4. Nc3 e6 5. b3 Nbd7 6. Bb2 Bd6 7. Rc1 O-O 8. Be2
a6 9. d4 e5 10. dxe5 Nxe5 11. cxd5 cxd5 12. O-O Be6 13. Na4 Ned7 14. Nd4 Qe7 15.
Bf3 Rac8 16. Rxc8 Rxc8 17. Qa1 Ba3 18. Rd1 Bxb2 19. Qxb2 Ne5 20. Be2 Ne4 21. Rc1
Rd8 22. Nc3 Bc8 23. Nxd5 Qh4 24. g3 Qh3 25. Ne7+ Kh8 26. Nf3 Nxf3+ 27. Bxf3 Ng5
28. Bg2 Qe6 29. Nxc8 Rxc8 30. Rd1 Qe7 31. h4 Ne6 32. Qe5 h6 33. Qd6 Qxd6 34.
Rxd6 Rc1+ 35. Bf1 Rc2 36. Rd7 Rxa2 37. Rxb7 Kg8 38. Bc4 Kf8 39. Ra7 a5 40. Kg2
Ra1 41. h5 Nd8 42. Rd7 Ne6 43. f4 a4 44. Ra7 a3 45. b4 Rb1 46. Rxa3 Rxb4 47.
Bxe6 fxe6 48. Kf3 Rb7 49. g4 Kf7 50. Ra5 Rc7 51. Ke4 Rb7 52. Ke5 Rc7 53. e4 Rb7
54. g5 hxg5 55. fxg5 Rc7 56. Kd6 Rb7 57. Rc5 Rb6+ 58. Ke5 Rb7 59. Ra5 Rc7 60.
Rb5 Ra7 61. Rc5 Rb7 62. Kd6 Rb6+ 63. Rc6 Rb5 64. Rc7+ Kf8 65. e5 Rb6+ 66. Kd7
Rb5 67. Rc8+ 1-0

[Event "Mondiale Lampo FIDE 2019"]
[Site "Mosca"]
[Date "29.12.2019"]
[Round "3.89"]
[White "Christiansen, Johan-Sebastian"]
[Black "Faizrakhmanov, Ramil"]
[Result "1/2-1/2"]
[WhiteTitle "GM"]
[BlackTitle "IM"]
[WhiteElo "2597"]
[BlackElo "2434"]
[WhiteFideId "1512668"]
[BlackFideId "24103209"]
[EventDate "2019.12.29"]

1. e4 c6 2. d4 d5 3. Nd2 dxe4 4. Nxe4 Bf5 5. Ng3 Bg6 6. h4 h6 7. Nh3 e6 8. Nf4
Bh7 9. Bc4 Bd6 10. Ngh5 g6 11. Ng7+ Kd7 12. Ngxe6 fxe6 13. Bxe6+ Kc7 14. Bh3
Bxf4 15. Bxf4+ Kb6 16. Be5 Nf6 17. Qf3 Re8 18. O-O Nbd7 19. Bd6 a5 20. b4 Ne4
21. bxa5+ Rxa5 22. Bb4 Rb5 23. Rab1 Ndf6 24. c4 Rxb4 25. Rxb4+ Ka7 26. Rfb1 Re7
27. Qa3+ Kb8 28. Qa6 Nd6 29. Qxc6 Qc7 30. Qf3 g5 31. Qxf6 Bxb1 32. Rxb1 Nxc4 33.
hxg5 hxg5 34. d5 Nd6 35. a4 Rf7 36. Qxg5 Qc2 37. Qd8+ Ka7 38. Qb6+ Ka8 39. Re1
Ne4 40. Qd8+ Ka7 41. Qa5+ Kb8 42. Qd8+ Ka7 43. Qa5+ Kb8 44. Qd8+ Ka7 45. Qa5+
Kb8 46. Kh2 Rxf2 47. Qd8+ Ka7 48. Qa5+ Kb8 49. Rxe4 Qxe4 50. Qd8+ Ka7 51. Qa5+
Kb8 52. Qd8+ Ka7 53. Qa5+ Kb8 54. Qd8+ Ka7 55. Qa5+ 1/2-1/2

[Event "Mondiale Lampo FIDE 2019"]
[Site "Mosca"]
[Date "29.12.2019"]
[Round "3.90"]
[White "Gukesh, D"]
[Black "Guliyev, Namig"]
[Result "0-1"]
[WhiteTitle "GM"]
[BlackTitle "GM"]
[WhiteElo "2547"]
[BlackElo "2548"]
[WhiteFideId "46616543"]
[BlackFideId "13400363"]
[EventDate "2019.12.29"]

1. c4 c6 2. Nf3 d5 3. e3 Nf6 4. Nc3 e6 5. b3 Nbd7 6. Bb2 b6 7. cxd5 exd5 8. d4
Bd6 9. Rc1 Bb7 10. g3 O-O 11. Bg2 Re8 12. O-O Qe7 13. Ne2 Nf8 14. Nf4 Ng6 15.
Nd3 Ne4 16. Nfe5 Nxe5 17. dxe5 Ba3 18. Bxa3 Qxa3 19. f3 Nc5 20. Nxc5 bxc5 21. f4
Ba6 22. Rf2 c4 23. e4 d4 24. bxc4 c5 25. Rf3 Qa5 26. Rb3 Rab8 27. Bf1 Rb4 28.
Qd2 Ra4 29. Qxa5 Rxa5 30. a3 g5 31. Kf2 f6 32. exf6 gxf4 33. gxf4 Rxe4 34. Kg3
Re6 35. Bg2 Rxf6 36. Bd5+ Kg7 37. Kf3 Rb6 38. Rg1+ Kf6 39. Rd3 Ra4 40. Rd2 Rxa3+
41. Kg4 Bc8+ 42. f5 Bxf5+ 43. Kf4 Rbb3 44. Rf2 Rh3 45. Bf3 Rh4+ 46. Kg3 Rg4+ 0-1

[Event "Mondiale Lampo FIDE 2019"]
[Site "Mosca"]
[Date "29.12.2019"]
[Round "3.91"]
[White "Blohberger, Felix"]
[Black "Bologan, Victor"]
[Result "1-0"]
[WhiteTitle "IM"]
[BlackTitle "GM"]
[WhiteElo "2434"]
[BlackElo "2574"]
[WhiteFideId "1632051"]
[BlackFideId "13900048"]
[EventDate "2019.12.29"]

1. Nf3 d6 2. d4 Nf6 3. c4 g6 4. b3 Bg7 5. Bb2 O-O 6. e3 Nbd7 7. Be2 a5 8. Nc3 e5
9. O-O Re8 10. Qc2 c6 11. dxe5 dxe5 12. Rfd1 Qe7 13. Na4 e4 14. Nd2 b6 15. Rac1
Bb7 16. h3 h5 17. c5 b5 18. Nb6 Nxb6 19. cxb6 Nd5 20. Bxg7 Kxg7 21. a4 b4 22.
Qb2+ Qf6 23. Qxf6+ Kxf6 24. Rc5 Nxb6 25. Nc4 Nxc4 26. Bxc4 Re7 27. Rd6+ Kg7 28.
Kf1 Kf8 29. Ke2 Ke8 30. Kf1 h4 31. g3 hxg3 32. fxg3 Rd7 33. Re5+ Kd8 34. Rxd7+
Kxd7 35. Rxe4 c5 36. Rf4 f5 37. g4 Be4 38. gxf5 gxf5 39. Rh4 Rd8 40. Rh7+ Kd6
41. Ke2 Ke5 42. h4 Bc2 43. Re7+ Kf6 44. Rh7 Bd1+ 45. Ke1 Bg4 46. Rh6+ Kg7 47.
Ra6 Rd1+ 48. Kf2 Rc1 49. Rxa5 Bd1 50. Ra7+ Kg6 51. a5 Rb1 52. Rc7 Bxb3 53. Bxb3
Rxb3 54. Rxc5 Ra3 55. Rb5 b3 56. Kf3 Kf6 57. Rb6+ Ke5 58. a6 b2 59. Rxb2 Rxa6 1-0

[Event "Mondiale Lampo FIDE 2019"]
[Site "Mosca"]
[Date "29.12.2019"]
[Round "3.92"]
[White "Laznicka, Viktor"]
[Black "Gurvich, Vitaly"]
[Result "1-0"]
[WhiteTitle "GM"]
[BlackTitle "FM"]
[WhiteElo "2648"]
[BlackElo "2230"]
[WhiteFideId "316385"]
[BlackFideId "24164852"]
[EventDate "2019.12.29"]

1. d4 Nf6 2. c4 g6 3. Nf3 Bg7 4. Bf4 d6 5. e3 O-O 6. Nc3 Nc6 7. h3 Bf5 8. Be2 e5
9. dxe5 Ne4 10. Nxe4 Bxe4 11. exd6 Bxb2 12. dxc7 Qf6 13. O-O Bxa1 14. Qxa1 Qxa1
15. Rxa1 Rac8 16. Nd4 f6 17. Nb5 Ne5 18. Nd6 Bc6 19. Nxc8 Rxc8 20. Rd1 Rxc7 21.
f3 Kf7 22. Kf2 Bd7 23. Rd5 Be6 24. Bxe5 fxe5 25. Rxe5 Bxc4 26. Bxc4+ Rxc4 27.
Ra5 a6 28. f4 h5 29. g4 hxg4 30. hxg4 Rc1 31. Kf3 Kf6 32. Ra3 Rc2 33. Ra5 Rc6
34. Ra4 b5 35. Rd4 Ke7 36. f5 Rc2 37. a4 Rc1 38. Kf4 Rc4 39. Rxc4 bxc4 40. Ke4
Kf6 41. fxg6 Kxg6 42. Kd4 Kg5 43. Kxc4 Kxg4 44. Kd5 1-0

[Event "Mondiale Lampo FIDE 2019"]
[Site "Mosca"]
[Date "29.12.2019"]
[Round "3.93"]
[White "Zarnicki, Pablo"]
[Black "Mesropov, Konstantin"]
[Result "1-0"]
[WhiteTitle "GM"]
[BlackTitle "IM"]
[WhiteElo "2514"]
[BlackElo "2422"]
[WhiteFideId "100137"]
[BlackFideId "4116887"]
[EventDate "2019.12.29"]

1. e4 e6 2. d3 c5 3. Nf3 Nc6 4. g3 g6 5. Bg5 Qc7 6. Bg2 Bg7 7. c3 Nge7 8. O-O h6
9. Be3 b6 10. d4 d6 11. Na3 a6 12. dxc5 dxc5 13. Nc4 O-O 14. a4 Rd8 15. Qb3 Rb8
16. Rfd1 b5 17. axb5 axb5 18. Rxd8+ Qxd8 19. Rd1 Qc7 20. Nd6 c4 21. Qa2 e5 22.
Ne8 Qb7 23. Nxg7 Kxg7 24. Qa1 Be6 25. Qc1 Ng8 26. Rd6 b4 27. h4 bxc3 28. Qxc3
Qb5 29. Rxc6 Qxc6 30. Qxe5+ 1-0

[Event "Mondiale Lampo FIDE 2019"]
[Site "Mosca"]
[Date "29.12.2019"]
[Round "3.94"]
[White "Potkin, Vladimir"]
[Black "Pogosyan, Stefan"]
[Result "0-1"]
[WhiteTitle "GM"]
[BlackTitle "IM"]
[WhiteElo "2583"]
[BlackElo "2459"]
[WhiteFideId "4131061"]
[BlackFideId "34159867"]
[EventDate "2019.12.29"]

1. c4 e5 2. Nc3 Nc6 3. Nf3 Bc5 4. g3 d6 5. Bg2 Nf6 6. O-O O-O 7. e3 a6 8. b3 Bg4
9. h3 Bh5 10. g4 Bg6 11. d4 Ba7 12. Bb2 Re8 13. dxe5 dxe5 14. Nd5 Qd6 15. Nh4
Rad8 16. Nxg6 hxg6 17. Qe2 Nxd5 18. cxd5 Ne7 19. Rfd1 g5 20. Rac1 Ng6 21. Be4
Nh4 22. Rc4 Bb6 23. b4 g6 24. Qc2 Rf8 25. Bh1 f5 26. a4 Rd7 27. a5 Ba7 28. Rc1
Rff7 29. Qc3 f4 30. Re4 fxe3 31. fxe3 Rde7 32. Qd3 Nf3+ 33. Kg2 Nh4+ 34. Kg3 c6
35. Rd1 cxd5 36. Qxd5 Qxd5 37. Rxd5 Rf1 38. Bg2 Rg1 39. Rd2 Rf7 40. Rxe5 Bb8 41.
Rd8+ Kh7 42. Rd2 Bxe5+ 0-1

[Event "Mondiale Lampo FIDE 2019"]
[Site "Mosca"]
[Date "29.12.2019"]
[Round "3.95"]
[White "Moiseenko, Vadim"]
[Black "Makoveev, Ilya"]
[Result "1-0"]
[WhiteTitle "GM"]
[BlackTitle "FM"]
[WhiteElo "2526"]
[BlackElo "2277"]
[WhiteFideId "4123700"]
[BlackFideId "34155748"]
[EventDate "2019.12.29"]

1. c4 Nf6 2. Nc3 e5 3. Nf3 Nc6 4. d4 exd4 5. Nxd4 Bb4 6. g3 O-O 7. Bg2 d5 8.
Nxc6 bxc6 9. O-O Be6 10. Qa4 Rb8 11. Bf4 d4 12. Rfd1 Bxc4 13. Qxa7 Bxc3 14. bxc3
Bxe2 15. Rxd4 Nd5 16. c4 Qf6 17. cxd5 Rb6 18. Be3 c5 19. Rdd1 Ra6 20. Qxc7 Bxd1
21. Rxd1 Rxa2 22. h4 Qc3 23. d6 Qc2 24. Bf3 Qf5 25. d7 Qxf3 26. d8=Q g6 27.
Qxf8+ 1-0

[Event "Mondiale Lampo FIDE 2019"]
[Site "Mosca"]
[Date "29.12.2019"]
[Round "3.96"]
[White "Usov, Aleksandr E."]
[Black "Mikhailovsky, Vladimir"]
[Result "1-0"]
[BlackTitle "CM"]
[WhiteElo "2012"]
[BlackElo "2209"]
[WhiteFideId "24257109"]
[BlackFideId "34105414"]
[EventDate "2019.12.29"]

1. e4 e5 2. Nf3 d5 3. d3 Nc6 4. exd5 Qxd5 5. Nc3 Bb4 6. Bd2 Bxc3 7. Bxc3 Nf6 8.
Be2 O-O 9. O-O b6 10. b3 Bb7 11. Bb2 Rfe8 12. Re1 Nh5 13. c4 Qd6 14. Nxe5 Nxe5
15. Bxe5 Rxe5 16. Bxh5 Rae8 17. Rxe5 Qxe5 18. d4 Qf4 19. d5 g6 20. Bf3 Bc8 21.
g3 Qe5 22. Rc1 Bf5 23. Qd2 h5 24. h4 a5 25. a4 Re7 26. Kg2 Kh7 27. c5 bxc5 28.
Rxc5 Qa1 29. Rxa5 Re1 30. Kh2 Bg4 31. Bg2 Re2 32. Qf4 Bf5 33. Ra7 Qb2 34. Kg1
Qb1+ 35. Kh2 Qb2 36. Qxc7 Be6 37. dxe6 Rxf2 38. Qb7 Kh6 39. exf7 Qe2 40. f8=B+
Rxf8 41. Qg7# 1-0

[Event "Mondiale Lampo FIDE 2019"]
[Site "Mosca"]
[Date "29.12.2019"]
[Round "3.98"]
[White "Thing, Bibek"]
[Black "Xu, Xiangyu"]
[Result "1-0"]
[WhiteTitle "CM"]
[BlackTitle "GM"]
[WhiteElo "2222"]
[BlackElo "2582"]
[WhiteFideId "12303135"]
[BlackFideId "8608288"]
[EventDate "2019.12.29"]

1. e4 c5 2. Nf3 Nc6 3. c3 d5 4. exd5 Qxd5 5. Be2 e5 6. O-O Nf6 7. Na3 Bg4 8. h3
Bh5 9. d4 cxd4 10. cxd4 e4 11. Nb5 Rc8 12. Re1 Bb4 13. Nc3 Qa5 14. Ne5 Bxe2 15.
Rxe2 Bxc3 16. Nxc6 Rxc6 17. bxc3 O-O 18. Bd2 Qh5 19. Re3 Qf5 20. Rg3 Rd8 21. Qe2
Qe6 22. Bg5 Re8 23. Bxf6 Qxf6 24. Re1 g6 25. Re3 Rce6 26. Qb5 b6 27. a4 Qd8 28.
d5 Re5 29. c4 Qc7 30. a5 bxa5 31. Rd1 Qb6 32. Rb3 Qf6 33. Qxa5 e3 34. fxe3 Rxe3
35. Rxe3 Rxe3 36. Qxa7 Qg5 37. Rf1 Re7 38. Qb8+ Kg7 39. Qf4 Qxf4 40. Rxf4 f5 41.
c5 Kf6 42. d6 Re1+ 43. Kf2 Rc1 44. Rd4 Rc2+ 45. Kg1 Ke5 46. Rd1 Kf4 47. d7 1-0

[Event "Mondiale Lampo FIDE 2019"]
[Site "Mosca"]
[Date "29.12.2019"]
[Round "3.99"]
[White "Al Ghamdi, Ahmed M"]
[Black "Rozum, Ivan"]
[Result "0-1"]
[WhiteTitle "CM"]
[BlackTitle "GM"]
[WhiteElo "2107"]
[BlackElo "2573"]
[WhiteFideId "21500150"]
[BlackFideId "24104272"]
[EventDate "2019.12.29"]

1. e4 c6 2. d4 d5 3. Nd2 dxe4 4. Nxe4 Bf5 5. Ng3 Bg6 6. h4 h6 7. Nf3 Nd7 8. h5
Bh7 9. Bd3 Bxd3 10. Qxd3 e6 11. Bd2 Ngf6 12. O-O-O Be7 13. Ne4 Nxe4 14. Qxe4 Nf6
15. Qe2 Qd5 16. Kb1 Qe4 17. Be3 Ng4 18. Nd2 Qf5 19. f3 Nxe3 20. Qxe3 O-O-O 21.
Nc4 Kb8 22. Qe5+ Qxe5 23. Nxe5 Rhf8 24. c3 Kc7 25. Rhe1 Rd5 26. g4 Bg5 27. Kc2
Kd8 28. Re4 Ke7 29. f4 Bf6 30. Nd3 Kd8 31. b4 Rg8 32. c4 Rd6 33. Nc5 Kc7 34. a4
g6 35. hxg6 Rxg6 36. f5 exf5 37. gxf5 Rg2+ 38. Kb3 Rf2 39. d5 Rxf5 40. Rd3 cxd5
41. cxd5 Rdxd5 42. Rxd5 Rxd5 43. Rc4 Be7 44. Ne4+ Kd7 45. Nc3 Rd3 46. Kc2 Rf3
47. Rd4+ Ke6 48. Rc4 h5 49. Rc7 Bxb4 50. Rxb7 Rxc3+ 0-1

[Event "Mondiale Lampo FIDE 2019"]
[Site "Mosca"]
[Date "29.12.2019"]
[Round "3.100"]
[White "Harsha, Bharathakoti"]
[Black "Mamatov, Melis"]
[Result "0-1"]
[WhiteTitle "GM"]
[WhiteElo "2523"]
[BlackElo "2292"]
[WhiteFideId "5078776"]
[BlackFideId "13800027"]
[EventDate "2019.12.29"]

1. c4 c6 2. Nf3 Nf6 3. Nc3 d5 4. d4 e6 5. e3 Nbd7 6. Bd3 Bd6 7. Qc2 dxc4 8. Bxc4
e5 9. O-O exd4 10. exd4 O-O 11. Bg5 Qc7 12. Rfe1 b6 13. Ne4 Nxe4 14. Qxe4 Bb7
15. Qh4 Rfe8 16. Qg4 Nf8 17. Qf5 Qd7 18. Qd3 Qg4 19. h3 Qd7 20. Red1 Bc7 21. Bb3
a5 22. Bc2 Ba6 23. Qd2 Qd6 24. Re1 Re6 25. Ne5 Qd5 26. Bb3 Qd6 27. Bxe6 Nxe6 28.
Be3 Qd5 29. Rac1 Bb5 30. b3 a4 31. Qb2 axb3 32. axb3 Bd6 33. Nc4 Bc7 34. Red1 h6
35. Ne5 Ng5 36. Qc2 Ne4 37. Nxc6 Re8 38. Nb4 Qd6 39. Qxc7 Qxb4 40. d5 Be2 41. d6
Bxd1 42. d7 Rf8 43. Rxd1 Qxb3 44. d8=Q Rxd8 45. Qxd8+ Kh7 46. Qd3 Qe6 47. f3 0-1

[Event "Mondiale Lampo FIDE 2019"]
[Site "Mosca"]
[Date "29.12.2019"]
[Round "3.101"]
[White "Tissir, Mohamed"]
[Black "Al Mutairi, Hassan S"]
[Result "1-0"]
[WhiteTitle "IM"]
[BlackTitle "CM"]
[WhiteElo "2379"]
[BlackElo "1883"]
[WhiteFideId "9000240"]
[BlackFideId "21500193"]
[EventDate "2019.12.29"]

1. e4 e5 2. Nf3 d6 3. Bc4 Be7 4. O-O c6 5. Bb3 Nf6 6. d3 O-O 7. c3 Nbd7 8. Nbd2
h6 9. Re1 Re8 10. Nf1 Bf8 11. Ng3 Nc5 12. Bc2 g6 13. h3 Bg7 14. d4 Ncd7 15. a4
a5 16. Be3 Kh7 17. Qd2 Nf8 18. dxe5 dxe5 19. Qxd8 Rxd8 20. Nxe5 Be6 21. Nf3 Bc4
22. Rad1 Ne6 23. Ne5 Nxe4 24. Nxc4 1-0

[Event "Mondiale Lampo FIDE 2019"]
[Site "Mosca"]
[Date "29.12.2019"]
[Round "3.102"]
[White "Masrahi, Abdulrahman A"]
[Black "Tsoi, Dmitry"]
[Result "0-1"]
[WhiteTitle "CM"]
[BlackTitle "FM"]
[WhiteElo "1956"]
[BlackElo "2321"]
[WhiteFideId "21501564"]
[BlackFideId "24194697"]
[EventDate "2019.12.29"]

1. d4 c6 2. Nf3 g6 3. Bf4 Bg7 4. e3 Nf6 5. h3 O-O 6. Be2 d6 7. O-O Nbd7 8. c4 b6
9. Nc3 Bb7 10. a3 Re8 11. Bh2 a6 12. b4 b5 13. c5 dxc5 14. bxc5 Nf8 15. Qb3 Bc8
16. Ne5 Be6 17. Qb2 Qc8 18. Bf3 Nd5 19. Nxd5 Bxd5 20. e4 Bc4 21. Nxc4 bxc4 22.
Qc3 Ne6 23. Rfd1 Rd8 24. e5 Qd7 25. Qxc4 Nxd4 26. Be4 Rab8 27. Bg3 Rb2 28. Ra2
Ne2+ 29. Qxe2 Qxd1+ 0-1